000 01129nam a2200181Ia 4500
008 100921s9999 xx 000 0 und d
082 _b34917
_a320 न 00
100 _aघटाटे ना.मा.संपा.अनु,खंडकर अविनाश.
245 _aअध्यक्ष महेादय -पंतप्रधान अटलबिहारी वाजपेयी यांची संसदेतील भाषणे.
260 _bसाहित्य प्रसार केंद्र,नागपूर.
_c2000
300 _a192
_b---
365 _b170
520 _aस.शा.राज्यशास्त्र.
630 _aअध्यक्ष महेादय -पंतप्रधान अटलबिहारी वाजपेयी यांची संसदेतील भाषणे.
650 _aस.शा.राज्यशास्त्र.
730 _aअध्यक्ष महेादय -पंतप्रधान अटलबिहारी वाजपेयी यांची संसदेतील भाषणे.
942 _cBOOK
999 _c784030
_d784027